000 01605pam a2200253 a 4500
001 2606
003 FISKH
005 20240104104821.0
008 880505s1988 nyua 000 1 eng
010 _a 88047805
020 _a0345347730 :
040 _aDLC
_cDLC
_dDLC
_beng
050 0 0 _aPS3552.R6596
_bW55 1988
082 0 0 _a813/.54
_219
100 1 _aBrooks, Terry.
245 1 0 _aWizard at large /
_cTerry Brooks.
250 _aThis edition published 1989
260 _aNew York :
_bDel Rey,
_c1988.
300 _a303 pages :
_c18 cm
520 _aIt all began when the half-able wizard Questor Thews announced that finally he could restore the Court Scribe Abernathy to human form. It was his spell that had turned Abernathy into a Wheaten Terrier - though still able to talk. All went well - until the wizard breathed the magic dust of his spell and suddenly sneezed. Then, where Abernathy had stood, there was only a bottle containing a particularly evil imp. It had been in the collection of Michel Ard Rhi, former King of Landover, now exiled to Earth. Abernathy must now be a part of that collection! High Lord Ben Holiday set forth for Earth, taking his green but beautiful love, Willow, with him. Unfortunately, they were long in returning. And without the soil of Landover in which to root as a tree at times, Willow could not long survive. That left it up to Questor Thews to save them. Grimly he set out to seek help, knowing himself to be incompetent.
650 _aFantasy fiction
_vJuvenile Literature
906 _a7
_bcbc
_corignew
_d1
_eocip
_f19
_gy-gencatlg
942 _2ddc
_cBK
_n0
999 _c2606
_d2606